[Event "Tatry op"]
[Site "Tatranske Matliare"]
[Date "2022.06.03"]
[Round "8"]
[White "Steiner, Bruno"]
[Black "Starychfojtu, Josef"]
[Result "1-0"]
[WhiteElo "2120"]
[BlackElo "1846"]
[PlyCount "53"]
[EventDate "2022.05.28"]
[EventType "swiss"]
[EventRounds "9"]
[EventCountry "SVK"]
[SourceTitle "EXT 2024"]
[Source "ChessBase"]
[SourceDate "2023.10.10"]
[SourceVersion "1"]
[SourceVersionDate "2023.10.10"]
[SourceQuality "1"]

1. Nf3 Nf6 2. c4 g6 3. d4 Bg7 4. e3 0-0 5. Be2 c5 6. dxc5 Qa5+ 7. Bd2 Qxc5 8. Bc3 Nc6 9. 0-0 e5 10. a3 a5 11. b4 Qe7 12. b5 e4 13. bxc6 exf3 14. cxb7 Bxb7 15. Bxf3 Bxf3 16. Qxf3 Qe4 17. Nd2 Qxf3 18. gxf3 Rfc8 19. Rab1 Ne8 20. Bxg7 Kxg7 21. Rb6 Rc5 22. Rfb1 Rac8 23. R1b5 Nf6 24. Rxc5 Rxc5 25. Rb5 d6 26. Rxc5 dxc5 27. Nb3 1-0

[Event "Tatry op"]
[Site "Tatranske Zruby"]
[Date "2019.10.01"]
[Round "5"]
[White "Zidek, Vaclav"]
[Black "Starychfojtu, Josef"]
[Result "1-0"]
[WhiteElo "2193"]
[BlackElo "1827"]
[PlyCount "63"]
[EventDate "2019.09.28"]
[EventType "swiss"]
[EventRounds "9"]
[EventCountry "SVK"]
[SourceTitle "EXT 2020"]
[Source "ChessBase"]
[SourceDate "2019.10.17"]
[SourceVersion "1"]
[SourceVersionDate "2019.10.17"]
[SourceQuality "1"]

1. d4 Nf6 2. c4 g6 3. f3 c5 4. d5 d6 5. e4 Bg7 6. Ne2 Na6 7. Nec3 0-0 8. Be2 Nc7 9. a4 e6 10. 0-0 h6 11. Be3 Na6 12. Qd2 Kh7 13. Na3 b6 14. dxe6 fxe6 15. Rad1 d5 16. cxd5 exd5 17. Nxd5 Nxd5 18. exd5 Nb4 19. Bc4 Qh4 20. Bf2 Qh5 21. Nc2 Nxc2 22. Qxc2 Bb7 23. Rfe1 Rae8 24. Re4 Rxe4 25. Qxe4 Be5 26. Bg3 Bg7 27. Qe7 Qf5 28. Bd3 Rf7 29. Bxf5 Rxe7 30. d6 Re2 31. d7 Bf6 32. Rd6 1-0

[Event "Czech Fed-ch opA"]
[Site "Hrdonov"]
[Date "2013.10.30"]
[Round "6"]
[White "Hurdzan, Tomas"]
[Black "Starychfojtu, Josef"]
[Result "1/2-1/2"]
[WhiteElo "1870"]
[BlackElo "1632"]
[PlyCount "100"]
[EventDate "2013.10.26"]
[EventType "swiss"]
[EventRounds "9"]
[EventCountry "CZE"]
[SourceTitle "EXT 2016"]
[Source "ChessBase"]
[SourceDate "2015.10.08"]
[SourceVersion "1"]
[SourceVersionDate "2015.10.08"]
[SourceQuality "1"]

1. e4 d6 2. d4 Nf6 3. Nc3 g6 4. Nf3 Bg7 5. Be2 c6 6. a4 Bg4 7. 0-0 0-0 8. Be3 Qb6 9. a5 Qc7 10. h3 Bxf3 11. Bxf3 e5 12. dxe5 dxe5 13. Qe2 Na6 14. Qc4 Rfd8 15. Be2 Qe7 16. Na4 Qb4 17. f3 Nh5 18. Qxb4 Nxb4 19. Rfc1 Nf4 20. Bc4 b5 21. axb6 axb6 22. Bxf4 exf4 23. c3 b5 24. cxb4 bxc4 25. Nc3 Rab8 26. Ra6 Bd4+ 27. Kf1 Rxb4 28. Rxc6 Rxb2 29. Rxc4 Bxc3 30. R4xc3 Rdd2 31. Rc7 Rf2+ 32. Kg1 Rxg2+ 33. Kh1 Rh2+ 34. Kg1 Rxh3 35. e5 Rg3+ 36. Kh1 Re2 37. Re7 Rxf3 38. Kg1 Rd3 39. Kf1 f3 40. Kg1 Rd5 41. Rb7 Rdxe5 42. Rcc7 Rf5 43. Kf1 h5 44. Ra7 h4 45. Rab7 h3 46. Rb6 h2 47. Rxg6+ Kh7 48. Rg7+ Kxg7 49. Rxf7+ Kh6 50. Rf6+ Rxf6 1/2-1/2

[Event "CZE Czechia-ch U12"]
[Site "Harrachov"]
[Date "2009.10.25"]
[Round "2"]
[White "Pulpan, Jakub"]
[Black "Starychfojtu, Josef"]
[Result "1-0"]
[WhiteElo "1946"]
[BlackElo "1407"]
[PlyCount "29"]
[EventDate "2009.10.24"]
[EventType "swiss"]
[EventRounds "9"]
[EventCountry "CZE"]
[SourceTitle "EXT 2012"]
[Source "ChessBase"]
[SourceDate "2011.11.24"]
[SourceVersion "1"]
[SourceVersionDate "2011.11.24"]
[SourceQuality "1"]

1. e4 e6 2. d4 d5 3. Nd2 Nf6 4. e5 Nfd7 5. Bd3 c5 6. c3 Nc6 7. Ne2 Qb6 8. Nf3 Be7 9. 0-0 f6 10. Nf4 cxd4 11. Nxe6 fxe5 12. Nfxd4 Nxd4 13. Qh5+ g6 14. Qxg6+ hxg6 15. Bxg6# 1-0